000 00453nam a2200181 a 4500
001 1758288235573
003 YourLibrary
005 20250920112001.0
008 250919s2006##################000#0#eng##
020 _a9780262681575
082 0 4 _a153
_bROG
100 1 _aRogers, Timothy T.,
_eauthor.
245 1 0 _aSemantic Cognition :
260 _c2006.
650 0 _aChild development.
942 _cENGLISH
040 _aYourLibrary
_beng
_cYourLibrary
999 _c588255
_d588255